The Performance and Design of Direct Current Machines; A Textbook for Students at Universities and Technical Schools, Covering the Syllabuses of the B. Sc. (Eng.), the I.E.E. (Record no. 692)

000 -LEADER
fixed length control field 00554nam a2200145 4500
008 - FIXED-LENGTH DATA ELEMENTS--GENERAL INFORMATION
fixed length control field 191119b ||||| |||| 00| 0 eng d
082 00 - DEWEY DECIMAL CLASSIFICATION NUMBER
Classification number 621.3132
Item number S2741
100 ## - MAIN ENTRY--PERSONAL NAME
9 (RLIN) 204
Personal name Clayton, Albert E.
245 10 - TITLE STATEMENT
Title The Performance and Design of Direct Current Machines; A Textbook for Students at Universities and Technical Schools, Covering the Syllabuses of the B. Sc. (Eng.), the I.E.E.
250 ## - EDITION STATEMENT
Edition statement 2nd ed.
260 ## - PUBLICATION, DISTRIBUTION, ETC. (IMPRINT)
Place of publication, distribution, etc London
Name of publisher, distributor, etc Sir Isaac Pitman & Sons
Date of publication, distribution, etc 1949
300 ## - PHYSICAL DESCRIPTION
Extent xiv, 442 p.
650 #0 - SUBJECT ADDED ENTRY--TOPICAL TERM
Topical term or geographic name as entry element Electric Machinery
942 ## - ADDED ENTRY ELEMENTS (KOHA)
Source of classification or shelving scheme
Item type Books
Holdings
Withdrawn status Lost status Source of classification or shelving scheme Damaged status Not for loan Permanent location Current location Date acquired Full call number Barcode Date last seen Copy number Koha item type
          IMU Kolkata IMU Kolkata 1952-10-10 621.3132 S2741 00110 2019-11-19 1 Books
Designed and Maintained by IMU-KC Library, Kolkata Campus © Copyright All Rights Reserved

webs counters

Powered by Koha